Геолого-физические факторы эффективной разработки месторождений углеводородов

Détails bibliographiques
Auteur principal: Хавкин А. Я. Александр Яковлевич
Collectivité auteur: Российская академия наук (РАН) Институт проблем нефти и газа (ИПНГ)
Résumé:Проанализирована значимость особенностей коллектора при обосновании эффективных технологий разработки месторождений углеводородов.
Langue:russe
Publié: Москва, Спутник+, 2005
Sujets:
Format: Livre
KOHA link:https://koha.lib.tpu.ru/cgi-bin/koha/opac-detail.pl?biblionumber=107683

MARC

LEADER 00000nam0a2200000 4500
001 107683
005 20231101214741.0
010 |a 5934069748 
035 |a (RuTPU)RU\TPU\book\116246 
090 |a 107683 
100 |a 20061227d2005 k y0rusy50 ca 
101 0 |a rus 
102 |a RU 
105 |a a z 001zy 
200 1 |a Геолого-физические факторы эффективной разработки месторождений углеводородов  |f А. Я. Хавкин 
210 |a Москва  |c Спутник+  |d 2005 
215 |a 312 с.  |c ил. 
320 |a Библиогр.: с. 271-307. 
330 |a Проанализирована значимость особенностей коллектора при обосновании эффективных технологий разработки месторождений углеводородов. 
606 1 |a Нефть  |x Системы разработки  |2 stltpush  |3 (RuTPU)RU\TPU\subj\45894  |9 65084 
610 1 |a углеводороды 
610 1 |a пористые среды 
610 1 |a многофазная фильтрация 
610 1 |a физико-химические аспекты 
610 1 |a нефтяные месторождения 
610 1 |a разработка 
610 1 |a природный газ 
610 1 |a экологические аспекты 
610 1 |a экономические аспекты 
675 |a 622.276  |v 3 
700 1 |a Хавкин  |b А. Я.  |g Александр Яковлевич 
712 0 2 |a Российская академия наук (РАН)  |b Институт проблем нефти и газа (ИПНГ)  |c (Москва)  |2 stltpush  |3 (RuTPU)RU\TPU\col\6181 
801 1 |a RU  |b 63413507  |c 20061227  |g PSBO 
801 2 |a RU  |b 63413507  |c 20140707  |g PSBO 
942 |c BK 
959 |a 116/20061226  |d 1  |e 610,00  |f ЧЗТЛ:1